00306nam a2200121Ia 4500008004100000041000900041082001900050100002500069245003600094260003800130300000800168650000800176230718s9999 xx 000 0 und d aEng. a346.255bMUH-T amuhammad abdul basit 4athe qanuna e shahdad order 1984 aPakistanbfederal law housec2019 a626 aLaw